Effect of Plant Growth Regulators on Growth and Yield Parameters of Bottle Gourd (Lagenaria siceraria. (Molina) Standl.) (Record no. 50188)

MARC details
000 -LEADER
fixed length control field 00530nam a22001817a 4500
003 - CONTROL NUMBER IDENTIFIER
control field OSt
008 - FIXED-LENGTH DATA ELEMENTS--GENERAL INFORMATION
fixed length control field 260425b |||||||| |||| 00| 0 eng d
082 ## - DEWEY DECIMAL CLASSIFICATION NUMBER
Classification number 635-93346
Item number K11E
100 ## - MAIN ENTRY--PERSONAL NAME
Personal name Kant, Kamal
245 ## - TITLE STATEMENT
Title Effect of Plant Growth Regulators on Growth and Yield Parameters of Bottle Gourd (Lagenaria siceraria. (Molina) Standl.)
260 ## - PUBLICATION, DISTRIBUTION, ETC. (IMPRINT)
Place of publication, distribution, etc Pusa, Samastipur
Name of publisher, distributor, etc RAU
Date of publication, distribution, etc 1999
300 ## - PHYSICAL DESCRIPTION
Extent 66P.
502 ## - DISSERTATION NOTE
Degree type Msc.
Year degree granted 1999
650 ## - SUBJECT ADDED ENTRY--TOPICAL TERM
Topical term or geographic name as entry element Vegetables and Floriculture
650 ## - SUBJECT ADDED ENTRY--TOPICAL TERM
Topical term or geographic name as entry element Horticulture
650 ## - SUBJECT ADDED ENTRY--TOPICAL TERM
Topical term or geographic name as entry element Msc.
942 ## - ADDED ENTRY ELEMENTS (KOHA)
Source of classification or shelving scheme
Koha item type Thesis
Holdings
Withdrawn status Lost status Source of classification or shelving scheme Damaged status Not for loan Home library Current library Date acquired Total Checkouts Full call number Barcode Date last seen Bill Date Koha item type
          Dr. Rajendra Prasad Central Agricultural University Pusa, Dr. Rajendra Prasad Central Agricultural University Pusa, 25/04/2026   635-93346 K11E 48136 25/04/2026 25/04/2026 Thesis
Hosted, Implemented, Customized & Maintained by: BestBookBuddies

Powered by Koha